Management : (Record no. 2901)

MARC details
000 -LEADER
fixed length control field 00438nam a2200169 4500
001 - CONTROL NUMBER
control field 3564
005 - DATE AND TIME OF LATEST TRANSACTION
control field 20181127171502.0
010 00 - LIBRARY OF CONGRESS CONTROL NUMBER
LC control number
020 00 - INTERNATIONAL STANDARD BOOK NUMBER
International Standard Book Number 9788192131382
090 00 - LOCALLY ASSIGNED LC-TYPE CALL NUMBER (OCLC); LOCAL CALL NUMBER (RLIN)
Classification number (OCLC) (R) ; Classification number, CALL (RLIN) (NR) 658 C4356m 2013
100 00 - MAIN ENTRY--PERSONAL NAME
Personal name Chakraborty, Swati.
245 00 - TITLE STATEMENT
Title Management :
Remainder of title Theory and practice /
Statement of responsibility, etc. Dr. Swati Chakraborty.
Medium
250 00 - EDITION STATEMENT
Edition statement 1st ed.
260 00 - PUBLICATION, DISTRIBUTION, ETC.
Place of publication, distribution, etc. Kolkata :
Name of publisher, distributor, etc. Elegant Publications,
Date of publication, distribution, etc. 2013.
300 00 - PHYSICAL DESCRIPTION
Extent vi, 193 p ; 24 cm.
650 00 - SUBJECT ADDED ENTRY--TOPICAL TERM
Topical term or geographic name entry element Management.
General subdivision
Holdings
Withdrawn status Lost status Source of classification or shelving scheme Damaged status Not for loan Collection code Home library Current library Shelving location Serial Enumeration / chronology Inventory number Total Checkouts Full call number Barcode Date last seen Date last checked out Price effective from Koha item type
    Dewey Decimal Classification     Main TEST RTC Library RTC Library Main opac 6090 1 658 CHA 30002313 22/08/2019 09/08/2019 27/11/2018 Main
Royal Thimphu College || All Right Reserved